Bringing a natural experiment into the laboratory: the measurement of individual risk attitudes
Meranie postojov jednotlivcov k riziku - porovnanie prirodzeného experimentu (reálna kampaň banky na Slovensku) a jeho replikácie v laboratórnych podmienkach.
Salvato in:
| Autore principale: | |
|---|---|
| Altri autori: | , |
| Natura: | Capitolo di libro |
| Lingua: | inglese |
| Soggetti: | |
| Tags: |
Nessun Tag, puoi essere il primo ad aggiungerne!!
|
MARC
| LEADER | 00000nla a2200000 4500 | ||
|---|---|---|---|
| 001 | 0240068 | ||
| 005 | 20240502083643.9 | ||
| 041 | 0 | |a eng | |
| 044 | |a US | ||
| 245 | 1 | 0 | |a Bringing a natural experiment into the laboratory: the measurement of individual risk attitudes |c Zuzana Brokesova, Cary Deck, Jana Peliova |
| 520 | |a Meranie postojov jednotlivcov k riziku - porovnanie prirodzeného experimentu (reálna kampaň banky na Slovensku) a jeho replikácie v laboratórnych podmienkach. | ||
| 610 | 2 | 0 | |a trh finančný |
| 610 | 2 | 0 | |a banky |
| 610 | 2 | 0 | |a kampane reklamné |
| 610 | 2 | 0 | |a testy |
| 610 | 2 | 0 | |a experimenty |
| 610 | 2 | 0 | |a metodológia |
| 610 | 2 | 0 | |a ekonómia behaviorálna |
| 610 | 2 | 0 | |a správanie spotrebiteľa |
| 610 | 2 | 0 | |a správanie |
| 610 | 2 | 0 | |a spotrebitelia |
| 610 | 2 | 0 | |a rozhodovanie |
| 610 | 2 | 0 | |a rozhodovanie za rizika |
| 610 | 2 | 0 | |a riziko |
| 610 | 2 | 0 | |a postoje |
| 610 | 2 | 0 | |a Slovensko |
| 100 | 1 | |a Brokešová, Zuzana, 1985- | |
| 700 | 1 | |a Deck, Cary | |
| 700 | 1 | |a Péliová, Jana, 1976- | |